Datum a čas kvízu

14.5 Celkem bodů Celkový počet nahraných bodů na tomto kvízu bez doplňovacích otázek.
8. Pořadí na kvízu Konečné umístění týmu na tomto kvízu.

Zaznamenané odpovědi

# Otázka Odpověď Body Výsledky
1. Manželka známého zločince se s... 1
2. Ponorka, která byla nalezena p... 0
3. Tři ženy v galerii mezinárodní... 0
4. Řada čínských e-shopů stáhla z... 0
5. Koncovka bitvy o titul nemohla... 1
6. Nedávno jsme zde probírali tém... 0
5. Ledviny slouží k odstranění ne... 0
5. Kterým českým výrazem je pojme... 1
5. V tenkém střevu dochází ke kon... 0
5. Tato šedě růžová laločnatá žlá... 0